000 00484pab a2200169 454500
008 180718b2005 xxu||||| |||| 00| 0 eng d
100 _aCarlsson, Mikael
245 _aCapital adjustment patterns in Swedish manufacturing firms: what model do they suggest?
260 _c2005
300 _ap.969-86.
362 _aOct
650 _aManufacturing industry - Sweden
650 _aManufacturing industry
700 _aCaseen, Stefan
773 _aEconomic Journal
909 _a68091
999 _c68091
_d68091